| 000 | 00949cam a22003137a 4500 | ||
|---|---|---|---|
| 003 | CHAP | ||
| 005 | 20220817042818.0 | ||
| 008 | 971013s1973 r 00010 d | ||
| 010 | _a56459 | ||
| 011 | _a57431 | ||
| 035 | _a61586 | ||
| 040 | _cCHAP | ||
| 082 |
_a080 _bS4 v.73 |
||
| 100 | 0 | 0 |
_aSnaidas, Adolf. _9107211 |
| 245 | 1 | 3 | _aEl teatro de Xavier Villaurrutia |
| 260 |
_aMéxico, D.F. : _bSecretaría de Educación Pública, _c1973 |
||
| 300 | _a206 p. | ||
| 490 | 0 |
_aSEP. Setentas _v; 73 |
|
| 590 |
_aBATCH-UPD _b10 _c20130110 _lUCH01 _h0629 |
||
| 590 |
_aBATCH-UPD _b10 _c20130410 _lUCH01 _h0312 |
||
| 590 |
_aBATCH-UPD _b10 _c20130914 _lUCH01 _h2020 |
||
| 590 |
_aCONVERSION _b10 _c20130109 _lUCH01 _h1330 |
||
| 650 | 1 | 4 |
_aTeatro _xMéxico. _9111861 |
| 700 | 0 |
_aVillaurrutia, Xavier. _9119715 |
|
| 830 | 0 |
_aSEP. Setentas _v; 73 |
|
| 901 | _aBK | ||
| 942 | _cLIBRO | ||
| 949 |
_a080 S4 v.73 _bBC _cLIBRO _d33724000309795 _eLIBRO _h29055 _i61586 _si |
||
| 999 |
_c56459 _d56459 |
||